| 000 | 00818cam a2200229 4500 | ||
|---|---|---|---|
| 001 | WB3612-16 | ||
| 008 | 000000n2000 000 0 eng u | ||
| 035 | _a(Sirsi) u104903 | ||
| 245 | _aHigh Court forces Barratt to pay for social housing | ||
| 260 | _c2000 | ||
| 490 |
_aBuilding _v 64(8128) 17 March 2000, 13(1) |
||
| 520 | _aBarratt Homes is considering appealing against a High Court decision, upholding Tower Hamlets borough council's right to ask for a contribution of £1.6m towards making a housing development affordable to tenants. | ||
| 590 | _aWB | ||
| 650 | _aTOWER HAMLETS LBC | ||
| 650 | _aBARRATT HOMES | ||
| 650 |
_aAffordable housing _96215 |
||
| 650 | _aCONTRIBUTIONS | ||
| 650 | _aLOCAL AUTHORITIES | ||
| 650 | _aLONDON DOCKLANDS | ||
| 690 |
_aAffordable housing _96215 |
||
| 942 | _n0 | ||
| 999 |
_c62931 _d62931 |
||